000 00855nam a22002177a 4500
999 _c12144
_d12144
003 AR-CdUCM
008 190408b ||||| |||| 00| 0 spa d
040 _aMUNICIPALIDAD PROVINCIAL DEL CUSCO
_cBIBLIOTECA MUNICIPAL DEL CUSCO
082 _aC / 573.21 /
_bP13
100 _aPacheco Garmendia, Hugo
_929841
245 _aLas bases fundamentales de la genética contemporánea /
260 _aCusco :
_bUniversidad Nacional de San Antonio Abad del Cusco,
_c1966.
300 _a46 páginas ;
_c22 cm.
500 _aFacultad de Agronomía.
505 _aContenido: La química de la herencia -- La acción de los factores hereditarios -- El gene y su concepción actual -- Las bases genéticas de la evolución.
650 _aGenética
_95063
650 _aEvolución
_97012
650 _aADN
_921680
942 _2ddc
_cLIBROS
945 _aachl
_d2017-04-08